00534nam a22001455i 4500001000700000003000900007005001700016008004100033100003200074245009800106260007300204300002100277710006600298852002400364171603ES-MaACL20230906214656.0090522s1978 sp |||| | spa d1 aSolchaga Loitegui, Jesús.13aEl crédito cooperativo b: conferencia... 17 de junio 1977... /cJesús Solchaga Loitegui. aMadrid : bDirección General de lo Contencioso del Estado, c1978. a37 p. ; c24 cm.2 aEspaña. bDirección General de lo Contencioso del Estado. aES-MaACLj2112-F-6